| 000 | 00957nam a22002897a 4500 | ||
|---|---|---|---|
| 005 | 20240818092950.0 | ||
| 008 | 150216s2009 xxuadk frb 001 0 eng d | ||
| 020 | _a9780071276368 | ||
| 020 | _a007127636X | ||
| 040 | _aEG-ScBUE | ||
| 082 | 0 | 0 |
_222 _a541 _bLEV |
| 100 | 1 |
_aLevine, Ira N., _937353 _d1937- |
|
| 245 | 1 | 0 |
_aPhysical chemistry / _cIra N. Levine. |
| 250 |
_a6th ed., _binternational ed. |
||
| 260 |
_aBoston, United States : _bMcGraw-Hill Higher Education, _c2009 _e(Singapore) |
||
| 300 |
_axviii, 989 p. : _bcharts, forms, tables ; _c26 cm. |
||
| 500 | _aIncludes appendixes. | ||
| 500 | _aIndex : p. 967-989. | ||
| 504 | _aBibliography : p. 955-958. | ||
| 650 | 0 |
_92007 _aChemistry, Physical and theoretical |
|
| 653 |
_bPPhrm _cFebruary2015 |
||
| 655 |
_vreading book _934232 |
||
| 942 |
_2ddc _k541 LEV _hRDA-MOD |
||
| 999 |
_c18988 _d18960 |
||
| 336 |
_2rdacontent _atext _btxt |
||
| 337 |
_aunmediated _2rdamedia _bn |
||
| 338 |
_avolume _bnc _2rdacarrier |
||